000
00285nam a22001337a 4500
008
180911b xxu||||| |||| 00| 0 eng d
020
_a
9780738045399
041
_a
eng
080
_a
330
100
_a
58
101
_a
BIS
245
_a
Business Writing
_c
Kirkman.D
942
_2
udc
_c
BK
999
_c
47658
_d
47658